000 00582nam a22002297a 4500
999 _c458630
_d458630
001 5150453
003 UA-OsUOA
005 20200330104956.0
008 200330b un ||||| |||| 00| 0 ukr d
040 _aUA-OsUOA
_bukr
_cUA-OsUOA
_dUA-OsUOA
041 _aukr
080 _a821.161.2
090 _a821.161.2
_bТ69
100 _aТрифонов Ю
245 _aОтблеск костра
_bповесть
260 _aМосква
_bСоветский писатель
_c1988
300 _a300 с.
650 _2821
650 _2821
942 _2udc
_cBK
955 _a3